run for the hills - Tate McRae - Statistics

General Stats
  • This quiz has been taken 268 times
  • The average score is 290 of 340
Answer Stats
% Correct
the
99%
The
99%
for
97%
run
97%
run,
97%
You
97%
you
97%
hills
96%
hills,
96%
to
96%
be
95%
I
95%
me
95%
me,
95%
touch
95%
way
95%
running
93%
a
92%
ever
92%
It
92%
it
92%
Never
91%
never
91%
know
89%
that
89%
it's
88%
my
88%
My
88%
straight
88%
Straight
88%
gonna
86%
Long
86%
long
86%
us,
86%
'Cause
85%
deep
85%
down
85%
everywhere
85%
hands
85%
late
85%
nights,
85%
up
85%
yeah
85%
fucking
84%
hair
84%
oh
84%
should
84%
Should
84%
when
84%
When
84%
through
83%
heart,
82%
Hotels,
82%
just
82%
keep
82%
more
82%
tease
82%
your
82%
back
81%
I'm
80%
something
80%
than
80%
And
79%
and
79%
Don't
79%
easy
78%
in
78%
like
78%
that's
78%
there
78%
you're
78%
clothes
77%
eyes,
77%
still
77%
red
75%
talks,
75%
moment
74%
door
73%
around
72%
cuts
72%
is
72%
Kissing,
71%
lock
71%
screaming,
71%
from
70%
thing
69%
all
68%
All
68%
by
68%
on
68%
nowhere,
67%
with
67%
can't
66%
out
66%
But,
65%
thrill
65%
want
65%
war
65%
Maybe
64%
attention
63%
I'll
63%
Break
62%
break
62%
danger's
62%
of
62%
until
62%
get
61%
true
61%
gotta
60%
covered
59%
find
59%
Missing
59%
rules,
59%
obsessive
58%
hate
57%
done
55%
walking
55%
again,
54%
bed
53%
life
53%
edge
52%
bad
51%
into
50%
ends
42%
heel's
40%
somehow,
40%
huh,
25%
huh
25%
No matching quizzes found
Score Distribution
Percent of People with Each Score
Percentile by Number Answered
Your Score History
You have not taken this quiz